| 000 | 00899nam a2200325 i 4500 | ||
|---|---|---|---|
| 001 | 0000112 | ||
| 003 | DO-SdBPM | ||
| 005 | 20241204112026.0 | ||
| 007 | 0000112 | ||
| 008 | 880531t2001 sp spa | ||
| 015 | _a | ||
| 017 |
_a _b |
||
| 020 | _a9681904443 | ||
| 035 | _a | ||
| 040 |
_aDO-SdBPM _bspa _cBPMSU _e |
||
| 080 | 0 | _a | |
| 082 | 4 |
_a808.83 _bN234f 2001 _222 |
|
| 245 | 1 | 0 |
_aNarraciones fantásticas : _bantología / _cselección y prólogo Gabriel Trujillo ; Alphonse Daudet ... [et al.]. _h |
| 250 | _a | ||
| 260 | 1 |
_aMéxico : _bAlfaguara, _c2001 |
|
| 300 |
_a172 p. ; _c23 cm |
||
| 490 | 0 |
_aAfaguara juvenil _v |
|
| 590 | _aInventariado, 2024/VM | ||
| 650 | 4 |
_aCuentos _vColecciones _y _2 |
|
| 700 | 1 |
_aDaudet, Alphonse, _d1840-1897. _4 |
|
| 700 | 1 |
_aTrujillo, Gabriel. _d |
|
| 830 | 0 |
_a _p |
|
| 910 | _aVMateo V. Control de calida. BPMSU | ||
| 942 |
_2ddc _cBK |
||
| 999 |
_c10793 _d10793 |
||